Pankový pohádky /
Proč by se dobro a zlo vždy mělo držet stále stejných kolejí? Proč by princezny musely tupě čekat na záchranu a draci museli být nutně zlí? A co kdyby se dala kletba vyřešit správně mířenou dlažební kostkou a záchrana království třeba bečkou piva? Vítejte ve světě pankovejch pohádek......
Uloženo v:
| Hlavní autor: | |
|---|---|
| Další autoři: | |
| Médium: | E-audiokniha |
| Vydáno: |
Praha :
Luboš Vocásek,
2025
|
| Tagy: |
Žádné tagy |
| LEADER | 01831nim a22003977i 4500 | ||
|---|---|---|---|
| 001 | 313503 | ||
| 007 | sr nunnnnnnned | ||
| 024 | |a 9788011072810 | ||
| 044 | |a xr | ||
| 100 | 1 | |a Vocásek, Luboš |4 aut | |
| 245 | 1 | 0 | |a Pankový pohádky / |c Vocásek, Luboš |
| 264 | 1 | |a Praha : |b Luboš Vocásek, |c 2025 | |
| 300 | |a 1 online zdroj (4 min., 35 sek.) | ||
| 336 | |a mluvené slovo |b spw |2 rdacontent | ||
| 337 | |a audio |b s |2 rdamedia | ||
| 338 | |a online zdroj |b cr |2 rdacarrier | ||
| 505 | 0 | 0 | |t Korporatni (1 hod., 28 min., 50 sek.) |
| 505 | 0 | 0 | |t Karulka_jak_cyp (3 min., 32 sek.) |
| 505 | 0 | 0 | |t Karulka_jak_cyp (3 min., 32 sek.) |
| 505 | 0 | 0 | |t Assembler (2 min., 42 sek.) |
| 505 | 0 | 0 | |t 8B (37 min., 29 sek.) |
| 505 | 0 | 0 | |t Matka_Fsech_draku (3 min., 38 sek.) |
| 505 | 0 | 0 | |t Matka_Fsech_draku (3 min., 38 sek.) |
| 505 | 0 | 0 | |t Dovolena (2 min., 49 sek.) |
| 505 | 0 | 0 | |t Posledni_princezna (56 min., 24 sek.) |
| 505 | 0 | 0 | |t Nasrot (7 min., 30 sek.) |
| 505 | 0 | 0 | |t Stezovatelka (1 hod., 2 min., 14 sek.) |
| 505 | 0 | 0 | |t Trut (4 min., 27 sek.) |
| 505 | 0 | 0 | |t Trut (4 min., 27 sek.) |
| 505 | 0 | 0 | |t Velka_ctyrka (5 min., 31 sek.) |
| 520 | 2 | |a Proč by se dobro a zlo vždy mělo držet stále stejných kolejí? Proč by princezny musely tupě čekat na záchranu a draci museli být nutně zlí? A co kdyby se dala kletba vyřešit správně mířenou dlažební kostkou a záchrana království třeba bečkou piva? Vítejte ve světě pankovejch pohádek... | |
| 700 | 1 | |a Čok, Vilém |4 nrt | |
| 910 | |a RBIT002 | ||
| 998 | |d 423662 |a https://core.palmknihy.cz/api/books/423662/cover?t5cnaf |b https://core.palmknihy.cz/api/books/423662/cover/400?t5cnaf |c https://core.palmknihy.cz/api/books/423662/cover/50?t5cnaf |e 2128-12-31 |i 9788011072810 |l 275 |q 49 |r 1 |s https://www.palmknihy.cz/kniha/423662 |t audiobook |y 2025 |z 1 | ||
| 999 | |d 313501 | ||